Discurso inagural leido en la Academia Jurídica / (Record no. 53684)

MARC details
000 -LEADER
campo de control de longitud fija 00806nam a2200193 i 4500
001 - NÚMERO DE CONTROL
campo de control 53684
003 - IDENTIFICADOR DE NÚMERO DE CONTROL
campo de control ES-MaACL
005 - FECHA Y HORA DE LA ÚLTIMA TRANSACCIÓN
campo de control 20230906162818.0
007 - CAMPO FIJO DE DESCRIPCIÓN FÍSICA--INFORMACIÓN GENERAL
campo de control de longitud fija t|
008 - DATOS DE LONGITUD FIJA--INFORMACIÓN GENERAL
campo de control de longitud fija 960704s1879 sp ||||1| spa d
040 ## - FUENTE DE CATALOGACIÓN
Centro catalogador/agencia de origen CAM
Lengua de catalogación spa
Centro/agencia transcriptor CAM
100 1# - ENTRADA PRINCIPAL--NOMBRE DE PERSONA
Nombre de persona Fernandez-Cid y Valencia, Antonio.
9 (RLIN) 49580
245 10 - MENCIÓN DEL TÍTULO
Título Discurso inagural leido en la Academia Jurídica /
Mención de responsabilidad, etc. por su presidente Antonio Fernandez Cid y Valencia; y resumen de los trabajos del curso de 1878-79 leido por el secretario Ramiro Alonso Padierna de Villapadierna en la apertura del curso de 1879 á 80.
260 ## - PUBLICACIÓN, DISTRIBUCIÓN, ETC.
Lugar de publicación, distribución, etc. Madrid :
Nombre del editor, distribuidor, etc. [s.n.],
Fecha de publicación, distribución, etc. 1879 (
Fabricante Tipografía de G. Estrada)
300 ## - DESCRIPCIÓN FÍSICA
Extensión 40 p. ;
Dimensiones 23 cm.
500 ## - NOTA GENERAL
Nota general Tema: De la gracia de indulto.
700 1# - ENTRADA AGREGADA--NOMBRE PERSONAL
Nombre de persona Alonso Padierna de Villapadierna, Ramiro.
9 (RLIN) 20377
852 ## - LOCALIZACIÓN
Ubicación ES-MaACL
Número de control de estantería T-331-F-6
Holdings
Estatus retirado Estado de pérdida Estado de daño No para préstamo Colección Biblioteca de origen Biblioteca actual Ubicación en estantería Fecha de adquisición Fuente de adquisición Total de préstamos Signatura topográfica completa Código de barras Visto por última vez Precio de reemplazo Tipo de ítem Koha
        Colección de folletos Biblioteca del Ateneo de Madrid Biblioteca del Ateneo de Madrid Depósito folletos 17/01/2008     T-331-F-6 1056410 23/02/2023 23/02/2023 Folleto